LEADER 01155nam a2200325 i 4500 001 991000740819707536 005 20020507173001.0 008 010509s1999 us ||| | eng 020 $a082181088X 035 $ab10750836-39ule_inst 035 $aLE01301591$9ExL 040 $aDip.to Matematica$beng 082 0 $a512.55 084 $aAMS 22E45 084 $aQA387.P84 100 1 $aPukanszky, Lajos$062295 245 10$aCharacters of connected lie groups /$cLajos Pukánszky 260 $aProvidence, RI :$bAmerican Mathematical Society,$cc1999 300 $axvii, 128 p. :$bill. ;$c26 cm 490 0 $aMathematical surveys and monographs,$x0076-5376 ;$v71 500 $aIncludes bibliographical references 650 0$aCharacters of groups 650 0$aLie groups 650 0$aRepresentations of groups 907 $a.b10750836$b23-02-17$c28-06-02 912 $a991000740819707536 945 $aLE013 22E PUK11 (1999)$g1$i2013000126838$lle013$o-$pE0.00$q-$rl$s- $t0$u0$v0$w0$x0$y.i10843802$z28-06-02 996 $aCharacters of connected Lie groups$9374396 997 $aUNISALENTO 998 $ale013$b01-01-01$cm$da $e-$feng$gus $h0$i1 LEADER 01415oam 2200481 450 001 9910154960303321 005 20230808193937.0 010 $a1-292-07444-2 035 $a(CKB)3710000000738214 035 $a(SSID)ssj0001680742 035 $a(PQKBManifestationID)16501613 035 $a(PQKBTitleCode)TC0001680742 035 $a(PQKBWorkID)14850336 035 $a(PQKB)10865153 035 $a(MiAaPQ)EBC5174818 035 $a(MiAaPQ)EBC5176575 035 $a(MiAaPQ)EBC5833590 035 $a(WaSeSS)IndRDA00090138 035 $a(MiAaPQ)EBC6400576 035 $a(EXLCZ)993710000000738214 100 $a20210428d2016 uy 0 101 0 $aeng 135 $aurunu|||||||| 181 $ctxt 182 $cc 183 $acr 200 10$a#Hooked $ewhy cute sells and other marketing magic that we just can't resist /$fPatrick Fagan 210 1$aHarlow, England ;$aNew York, United States :$cPearson,$d[2016] 210 4$d©2016 215 $a1 online resource (1 volume) $cillustrations 300 $aIncludes index. 311 $a1-292-07442-6 606 $aEconomics$xPsychological aspects 615 0$aEconomics$xPsychological aspects. 676 $a658.80019 700 $aFagan$b Patrick$f1987-$01377149 801 0$bMiAaPQ 801 1$bMiAaPQ 801 2$bUtOrBLW 906 $aBOOK 912 $a9910154960303321 996 $aHooked$93413830 997 $aUNINA